Xây dựng các hàm số ước đoán đặc tính nước trong đất ở Đồng bằng sông Cửu Long : Báo cáo tổng kết đề tài khoa học và công nghệ cấp Trường

Nghiên cứu tương quan giữa hệ thống đất và nước trong các nhóm đất chính ở ĐBSCL và ảnh hưởng của các đặc tính thổ nhưỡng đến dung trọng, khả năng giữ nước thông qua việc phát triển các phương trình hồi quy ước đoán dung trọng và đạ...

תיאור מלא

שמור ב:
מידע ביבליוגרפי
מחבר ראשי: Nguyễn, Minh Phượng
פורמט: ספר
שפה:Undetermined
יצא לאור: Cần Thơ Trường Đại học Cần Thơ 2013
נושאים:
תגים: הוספת תג
אין תגיות, היה/י הראשונ/ה לתייג את הרשומה!
Thư viện lưu trữ: Trung tâm Học liệu Trường Đại học Cần Thơ
LEADER 01388nam a2200229Ia 4500
001 CTU_203411
008 210402s9999 xx 000 0 und d
082 |a 333.9104 
082 |b Ph561 
088 |a T2012-21 
100 |a Nguyễn, Minh Phượng 
245 0 |a Xây dựng các hàm số ước đoán đặc tính nước trong đất ở Đồng bằng sông Cửu Long : 
245 0 |b Báo cáo tổng kết đề tài khoa học và công nghệ cấp Trường 
245 0 |c Nguyễn Minh Phượng (chủ nhiệm đề tài) ; Trần Huỳnh Khanh, Nguyễn Văn Quí, Nguyễn Hồng Giang (tham gia thực hiện) 
260 |a Cần Thơ 
260 |b Trường Đại học Cần Thơ 
260 |c 2013 
520 |a Nghiên cứu tương quan giữa hệ thống đất và nước trong các nhóm đất chính ở ĐBSCL và ảnh hưởng của các đặc tính thổ nhưỡng đến dung trọng, khả năng giữ nước thông qua việc phát triển các phương trình hồi quy ước đoán dung trọng và đặc tính nước cho đất ở ĐBSCL 
650 |a Water,Nước 
650 |x Storage,Ngầm 
904 |i Qhieu 
980 |a Trung tâm Học liệu Trường Đại học Cần Thơ